Analog VLSI design nMOS and CMOS / (Record no. 182246)

000 -LEADER
fixed length control field 00880 a2200193 4500
003 - CONTROL NUMBER IDENTIFIER
control field Nust
005 - DATE AND TIME OF LATEST TRANSACTION
control field 20221201143226.0
020 ## - INTERNATIONAL STANDARD BOOK NUMBER
International Standard Book Number 0724600271
040 ## - CATALOGING SOURCE
Transcribing agency Nust
082 ## - DEWEY DECIMAL CLASSIFICATION NUMBER
Classification number 621.38152,HAS
100 ## - MAIN ENTRY--PERSONAL NAME
Personal name Haskard, R. Maclolm
9 (RLIN) 103929
245 ## - TITLE STATEMENT
Title Analog VLSI design nMOS and CMOS /
Statement of responsibility, etc. Mlcolm R. Haskard
260 ## - PUBLICATION, DISTRIBUTION, ETC.
Place of publication, distribution, etc. Prentice Hall
Name of publisher, distributor, etc. New York
Date of publication, distribution, etc. 1988
300 ## - PHYSICAL DESCRIPTION
Extent 243 p.
Other physical details illus
Dimensions 24 cm
505 ## - FORMATTED CONTENTS NOTE
Formatted contents note Introduction (Page-1), nMOS The Basic MOS Process (Page-5), Components of CMOS Process (Page-39), Conventional Analog Methods (Page-62), Pseudonalog Techniques (Page-84), Amplifiers and Filters (Page-98), Conversion Methods (Page-113), Oscillators and Phase Locked Loops (Page-145), Sensors (Page-155), Ancillary Circuits (Page-180), Transistor Circuits Modeling (Page-191).
650 ## - SUBJECT ADDED ENTRY--TOPICAL TERM
Topical term or geographic name entry element Telecommunication Engineering
700 ## - ADDED ENTRY--PERSONAL NAME
Personal name May, Ian C.
9 (RLIN) 103930
942 ## - ADDED ENTRY ELEMENTS (KOHA)
Source of classification or shelving scheme
Koha item type Book
Holdings
Withdrawn status Lost status Source of classification or shelving scheme Damaged status Not for loan Permanent Location Current Location Shelving location Date acquired Full call number Barcode Date last seen Price effective from Koha item type Public note
          Military College of Signals (MCS) Military College of Signals (MCS) General Stacks 12/12/2016 621.38152,HAS MCS682 12/08/2016 12/12/2016 Book Almirah No.33, Shelf No.5
© 2023 Central Library, National University of Sciences and Technology. All Rights Reserved.